000 00419nam a2200205Ia 4500
001 13610
003 GE_BSU
008 181216s||||||||xx |||||||||||||| ||und||
020 _a0349110182
040 _cGE_BSU
080 _a821.111-3
100 _aKennedy,Douglas.
245 4 _aThe job.
260 _aLondon.
260 _bAbacus.
260 _c1998
300 _a501p;18cm.
653 _aThe job.
942 _cBK
999 _c46766
_d46766